| 000 | 01222pam a2200385 a 4500 | ||
|---|---|---|---|
| 001 | 6488 | ||
| 003 | FISKH | ||
| 005 | 20250506113657.0 | ||
| 008 | 930811s1994 nyua j 000 0 eng | ||
| 010 | _a 93031463 | ||
| 020 | _a0395672929 : | ||
| 020 | _a9780590678315 | ||
| 040 |
_aDLC _cDLC _dDLC _beng |
||
| 050 | _aPS3563.O73 L57 | ||
| 082 | _a811.54 | ||
| 100 | 1 | _aMora, Pat. | |
| 245 | 1 | 0 |
_aListen to the desert = _bOye al desierto / _cby Pat Mora ; illustrated by Francisco X. Mora. |
| 260 |
_aNew York : _bScholastic, _c1994. |
||
| 300 |
_a25 pages ; _bcolor illustrations ; _c21 x 26 cm |
||
| 505 | _aE | ||
| 520 | _aA bilingual poem which describes some of the sounds of nature in a desert. | ||
| 521 | 8 |
_a240
_bLexile |
|
| 521 | 8 |
_aE
_bRaz-Plus |
|
| 650 | 0 |
_aDeserts _xJuvenile poetry. |
|
| 650 | 0 |
_aAnimal sounds _xJuvenile poetry. |
|
| 650 | 0 | _aChildren's poetry, American. | |
| 650 | 1 |
_aDeserts _xPoetry. |
|
| 650 | 1 |
_aAnimal sounds _xPoetry. |
|
| 650 | 1 | _aAmerican poetry. | |
| 650 | 1 |
_aSpanish language materials _xBilingual. |
|
| 700 | 1 |
_aMora, Francisco X., _eillustrator |
|
| 906 |
_a7 _bcbc _corignew _d1 _eocip _f19 _gy-gencatlg |
||
| 942 |
_2ddc _cBK _n0 |
||
| 999 |
_c6488 _d6488 |
||